[Event "KONIK MORSKI REWALA 2013<br>Miedzynarodo"]
[Site "<font size="]
[Date "2013.08.28"]
[Round "8.23"]
[White "Wozniak, Mariola"]
[Black "Knap, Jerzy"]
[Result "1-0"]
[WhiteElo "2028"]
[BlackElo "1732"]
[PlyCount "51"]
[EventDate "2013.??.??"]

1. e4 c5 2. Nf3 d6 3. d4 cxd4 4. Nxd4 Nf6 5. Nc3 a6 6. Be2 e5 7. Nb3 Be7 8. O-O
O-O 9. Kh1 Qc7 10. f4 exf4 11. Bxf4 Nc6 12. Qe1 Be6 13. Rd1 Ne5 14. Nd4 Bc4 15.
Bxc4 Nxc4 16. Nf5 Ne5 17. Bg5 Rfd8 18. Nxe7+ Qxe7 19. Nd5 Qe6 20. Bxf6 gxf6 21.
Qh4 Nd7 22. Rd3 Kh8 23. Rh3 Nf8 24. Nxf6 Qc4 25. Qxh7+ Nxh7 26. Rxh7# 1-0

[Event "KONIK MORSKI REWALA 2013<br>Miedzynarodo"]
[Site "<font size="]
[Date "2013.08.28"]
[Round "8.26"]
[White "Blaszkiewicz, Mateusz"]
[Black "Gabryjalowicz, Jakub"]
[Result "1/2-1/2"]
[WhiteElo "1833"]
[BlackElo "1781"]
[PlyCount "28"]
[EventDate "2013.??.??"]

1. e4 c5 2. Nf3 Nc6 3. d4 cxd4 4. Nxd4 Nf6 5. Nc3 e5 6. Ndb5 d6 7. Nd5 Nxd5 8.
exd5 Nb8 9. c4 Be7 10. Bd3 a6 11. Nc3 O-O 12. O-O f5 13. f3 Bg5 14. b4 Bxc1
1/2-1/2

[Event "KONIK MORSKI REWALA 2013<br>Miedzynarodo"]
[Site "<font size="]
[Date "2013.08.29"]
[Round "9.2"]
[White "Skawinski, Arkadiusz"]
[Black "Strzemiecki, Zbigniew"]
[Result "1-0"]
[WhiteElo "2284"]
[BlackElo "2437"]
[PlyCount "61"]
[EventDate "2013.??.??"]

1. e4 e6 2. d4 d5 3. e5 c5 4. c3 Qb6 5. Nf3 Nc6 6. a3 c4 7. g3 Bd7 8. h4 f5 9.
Bg2 Na5 10. Nbd2 Nh6 11. Ng5 O-O-O 12. O-O Be7 13. Ndf3 Nb3 14. Rb1 Be8 15. Nh2
Nf7 16. Nh3 g6 17. Re1 h6 18. Nf4 Rg8 19. Qe2 Kb8 20. Nf1 Bd7 21. Nxd5 exd5 22.
e6 Bxe6 23. Qxe6 Qxe6 24. Rxe6 Bf8 25. Bf4+ Kc8 26. Rbe1 g5 27. hxg5 hxg5 28.
Be5 f4 29. Bf6 Rd7 30. Re8+ Kc7 31. Be7 1-0

[Event "KONIK MORSKI REWALA 2013<br>Miedzynarodo"]
[Site "<font size="]
[Date "2013.08.29"]
[Round "9.3"]
[White "Rudolf, Michal"]
[Black "Tokarski, Lukasz"]
[Result "1-0"]
[WhiteElo "2367"]
[BlackElo "2270"]
[PlyCount "65"]
[EventDate "2013.??.??"]

1. e4 e5 2. Nf3 Nc6 3. Bb5 a6 4. Ba4 Nf6 5. O-O b5 6. Bb3 Bc5 7. Nxe5 Nxe5 8.
d4 Bxd4 9. Qxd4 d6 10. f4 c5 11. Qc3 Neg4 12. e5 c4 13. exf6 Qb6+ 14. Be3 Nxe3
15. Re1 O-O 16. Qxe3 Qxe3+ 17. Rxe3 gxf6 18. Nd2 d5 19. c3 cxb3 20. Nxb3 Bf5
21. Nd4 Be4 22. a4 f5 23. axb5 axb5 24. Rg3+ Kh8 25. Rxa8 Rxa8 26. b4 Ra1+ 27.
Kf2 Ra2+ 28. Ke3 Bxg2 29. Nxb5 Rc2 30. Nd6 Rxc3+ 31. Kd4 Rxg3 32. hxg3 Bf1 33.
b5 1-0

[Event "KONIK MORSKI REWALA 2013<br>Miedzynarodo"]
[Site "<font size="]
[Date "2013.08.29"]
[Round "9.5"]
[White "Ziaziulkina, Nastassia"]
[Black "Reza, Wojciech"]
[Result "0-1"]
[WhiteElo "2340"]
[BlackElo "2135"]
[PlyCount "116"]
[EventDate "2013.??.??"]

1. e4 e5 2. Nf3 Nc6 3. Bb5 a6 4. Ba4 Nf6 5. d3 d6 6. c3 Be7 7. O-O O-O 8. Re1
b5 9. Bc2 Re8 10. a4 Bb7 11. Nbd2 Bf8 12. Nf1 Nb8 13. Bg5 Nbd7 14. d4 c6 15.
dxe5 dxe5 16. Qe2 h6 17. Bh4 Qc7 18. Rad1 Bc8 19. Ne3 Nh5 20. Qd2 Nc5 21. a5 g6
22. b4 Nb7 23. c4 Be6 24. c5 Nf4 25. Bf6 Bg7 26. Bxg7 Kxg7 27. g3 Nh5 28. Qc3
f6 29. Nh4 Kh7 30. Rd2 Rad8 31. Red1 Rxd2 32. Rxd2 Rd8 33. Bd1 Ng7 34. Ng4 Qe7
35. Rxd8 Qxd8 36. Qf3 Ne8 37. Bb3 Bxb3 38. Qxb3 Qd7 39. Ne3 Nd8 40. f4 Qd4 41.
f5 g5 42. Ng6 Kg7 43. Ne7 Nf7 44. Nxc6 Qxe4 45. Ne7 Nc7 46. Nc8 Qd4 47. Nb6 e4
48. Kf1 Ne5 49. Ke2 Nd3 50. Qb1 Nxb4 51. Nbc4 Qd3+ 52. Qxd3 exd3+ 53. Kd2 bxc4
54. Nxc4 Nb5 55. c6 Nxc6 56. Kxd3 Ne5+ 57. Nxe5 fxe5 58. Ke4 Kf6 0-1

[Event "KONIK MORSKI REWALA 2013<br>Miedzynarodo"]
[Site "<font size="]
[Date "2013.08.29"]
[Round "9.6"]
[White "Licznerski, Lukasz"]
[Black "Kaczmarek, Aleksander"]
[Result "1/2-1/2"]
[WhiteElo "2332"]
[BlackElo "2147"]
[PlyCount "49"]
[EventDate "2013.??.??"]

1. e4 c5 2. Nf3 g6 3. d4 Bg7 4. dxc5 Qa5+ 5. c3 Qxc5 6. Na3 Nc6 7. Nb5 Qb6 8.
Be3 Qd8 9. Bc4 Nf6 10. e5 Ng4 11. Bxf7+ Kxf7 12. Ng5+ Kg8 13. Qxg4 Nxe5 14. Qe2
h6 15. Bd4 d6 16. Nf3 Nxf3+ 17. Qxf3 e5 18. Qd5+ Kh7 19. Be3 Bd7 20. Nxd6 Bc6
21. Qd3 Qh4 22. Nf5 gxf5 23. Qxf5+ Kg8 24. Qe6+ Kh7 25. Qf5+ 1/2-1/2

[Event "KONIK MORSKI REWALA 2013<br>Miedzynarodo"]
[Site "<font size="]
[Date "2013.08.29"]
[Round "9.7"]
[White "Musialkiewicz, Jan"]
[Black "Nowak, Lukasz"]
[Result "1-0"]
[WhiteElo "2266"]
[BlackElo "1994"]
[PlyCount "35"]
[EventDate "2013.??.??"]

1. e4 c5 2. Nf3 d6 3. d4 cxd4 4. Nxd4 Nf6 5. Nc3 a6 6. Bg5 Nbd7 7. f4 Qc7 8.
Qf3 b5 9. e5 Bb7 10. exd6 Bxf3 11. dxc7 Bh5 12. f5 b4 13. Bxa6 Nb6 14. Bb5+
Nfd7 15. Na4 Nxa4 16. Bxa4 f6 17. Bf4 g5 18. Bg3 1-0

[Event "KONIK MORSKI REWALA 2013<br>Miedzynarodo"]
[Site "<font size="]
[Date "2013.08.29"]
[Round "9.9"]
[White "Sieciechowicz, Marcin"]
[Black "Zombirt, Filip"]
[Result "1-0"]
[WhiteElo "2458"]
[BlackElo "1964"]
[PlyCount "99"]
[EventDate "2013.??.??"]

1. d4 Nf6 2. c4 c5 3. d5 e6 4. Nc3 exd5 5. cxd5 d6 6. e4 g6 7. f4 Bg7 8. Bb5+
Nfd7 9. a4 a6 10. Bd3 O-O 11. Nf3 Nf6 12. O-O Bg4 13. h3 Bxf3 14. Qxf3 Nbd7 15.
Be3 Qc7 16. Bf2 c4 17. Bc2 Nc5 18. Rfe1 Nfd7 19. Qe2 Qb6 20. Rab1 Qb4 21. Na2
Qa5 22. Qxc4 b5 23. Qb4 Qxb4 24. Nxb4 bxa4 25. e5 Rfe8 26. Nc6 Nb3 27. Bxb3
axb3 28. Bd4 a5 29. e6 Nf6 30. Bxf6 Bxf6 31. e7 a4 32. g3 Ra6 33. h4 a3 34.
bxa3 b2 35. g4 Rxa3 36. g5 Bc3 37. Red1 Ra4 38. Rf1 f6 39. Kg2 Kf7 40. Rf2 Rea8
41. f5 Ra1 42. fxg6+ hxg6 43. gxf6 Bxf6 44. Rbxb2 Re8 45. Nd8+ Kg7 46. Ne6+ Kf7
47. Rf3 Rxe7 48. Rbf2 Ra8 49. Rxf6+ Kg8 50. Rxg6+ 1-0

[Event "KONIK MORSKI REWALA 2013<br>Miedzynarodo"]
[Site "<font size="]
[Date "2013.08.29"]
[Round "9.10"]
[White "Lach, Aleksandra"]
[Black "Kiolbasa, Oliwia"]
[Result "1-0"]
[WhiteElo "2161"]
[BlackElo "1955"]
[PlyCount "75"]
[EventDate "2013.??.??"]

1. e4 e5 2. Bc4 Nf6 3. d3 Nc6 4. Nf3 Bc5 5. c3 a6 6. O-O Ba7 7. Bg5 h6 8. Bh4
d6 9. Bb3 g5 10. Bg3 Bg4 11. Nbd2 Nh5 12. Kh1 Nf4 13. Nc4 Qf6 14. Ne3 Be6 15.
d4 Bxb3 16. Qxb3 O-O-O 17. Nd5 Qg7 18. Qc4 f6 19. Bxf4 exf4 20. b4 Nb8 21. a4
b6 22. b5 a5 23. Nd2 Rhe8 24. Rfe1 Kb7 25. Nb3 h5 26. Rab1 h4 27. h3 Rf8 28.
Rb2 g4 29. Nxf4 gxh3 30. gxh3 Rde8 31. Rbb1 f5 32. Ne6 Rxe6 33. Qxe6 Nd7 34. e5
dxe5 35. dxe5 f4 36. Rg1 Qh7 37. Qd5+ Kb8 38. Nd4 1-0

[Event "KONIK MORSKI REWALA 2013<br>Miedzynarodo"]
[Site "<font size="]
[Date "2013.08.29"]
[Round "9.11"]
[White "Polok, Kacper"]
[Black "Kamieniecki, Tomasz"]
[Result "1-0"]
[WhiteElo "2213"]
[BlackElo "1974"]
[PlyCount "45"]
[EventDate "2013.??.??"]

1. e4 Nf6 2. e5 Nd5 3. d4 d6 4. Bc4 Nb6 5. Bb3 a5 6. a4 dxe5 7. Qh5 e6 8. dxe5
Na6 9. Nf3 Be7 10. Qg4 g6 11. Bh6 Nc5 12. Ba2 Bd7 13. O-O Bf8 14. Bg5 Be7 15.
Bh6 Bf8 16. Bxf8 Kxf8 17. Nc3 Qe7 18. h4 h5 19. Qf4 Kg7 20. Ng5 Bc6 21. f3 Rad8
22. Nce4 Rhf8 23. Qf6+ 1-0

[Event "KONIK MORSKI REWALA 2013<br>Miedzynarodo"]
[Site "<font size="]
[Date "2013.08.29"]
[Round "9.13"]
[White "Adamowicz, Maciej"]
[Black "Czyz, Artur"]
[Result "1/2-1/2"]
[WhiteElo "2071"]
[BlackElo "2042"]
[PlyCount "66"]
[EventDate "2013.??.??"]

1. c4 Nf6 2. Nc3 e6 3. e4 d5 4. e5 Ne4 5. Nxe4 dxe4 6. Qg4 Bd7 7. Qxe4 Bc6 8.
Qf4 Na6 9. a3 Nc5 10. Qe3 Ba4 11. b4 Nb3 12. Rb1 Nd4 13. Bd3 a5 14. Bb2 Bc2 15.
Bxd4 Bxb1 16. Bxb1 axb4 17. axb4 Bxb4 18. Ne2 Ra3 19. Bc3 Qh4 20. Qd3 O-O 21.
O-O g6 22. g3 Qe7 23. Bc2 Bxc3 24. Nxc3 Rd8 25. Qe2 Qc5 26. Nb5 Ra2 27. d4 Qb4
28. Qd3 Qb2 29. Bb3 Ra1 30. Rxa1 Qxa1+ 31. Qd1 Qb2 32. Qc2 Qa1+ 33. Qd1 Qb2
1/2-1/2

[Event "KONIK MORSKI REWALA 2013<br>Miedzynarodo"]
[Site "<font size="]
[Date "2013.08.29"]
[Round "9.14"]
[White "Kucza, Karol"]
[Black "Wacior, Maciej"]
[Result "1-0"]
[WhiteElo "1989"]
[BlackElo "1797"]
[PlyCount "97"]
[EventDate "2013.??.??"]

1. e4 c6 2. c4 d5 3. cxd5 cxd5 4. exd5 Qxd5 5. Nc3 Qd8 6. d4 Nf6 7. Nf3 e6 8.
Bc4 Nc6 9. O-O Be7 10. Bg5 O-O 11. a3 b6 12. Qd3 Bb7 13. Rad1 Nd5 14. Bd2 Bf6
15. Ne4 h6 16. Ba2 a5 17. Rfe1 Nce7 18. Nxf6+ Nxf6 19. Ne5 Bd5 20. Bb1 Nf5 21.
Qh3 Nd6 22. Bxh6 gxh6 23. Qxh6 Nfe4 24. Bxe4 Bxe4 25. Rxe4 Nxe4 26. Rd3 Ng5 27.
Rg3 f6 28. Qg6+ Kh8 29. h4 Ra7 30. Nc6 Rg7 31. Qxg7+ Kxg7 32. Nxd8 Rxd8 33.
hxg5 Rxd4 34. gxf6+ Kxf6 35. Rb3 Rd6 36. Rb5 e5 37. f3 Kf5 38. Kf2 Rd2+ 39. Kg3
Rd6 40. a4 Rd4 41. b3 Rd7 42. Kf2 Rd2+ 43. Ke3 Rxg2 44. Rxb6 Rg7 45. Rb5 Ra7
46. f4 Ke6 47. Rxe5+ Kf6 48. Kd4 Rb7 49. Rb5 1-0

[Event "KONIK MORSKI REWALA 2013<br>Miedzynarodo"]
[Site "<font size="]
[Date "2013.08.29"]
[Round "9.16"]
[White "Smola, Michal"]
[Black "Smolka, Marcin"]
[Result "0-1"]
[WhiteElo "2160"]
[BlackElo "2040"]
[PlyCount "62"]
[EventDate "2013.??.??"]

1. e4 e5 2. Nf3 Nc6 3. Bc4 Nf6 4. d3 Bc5 5. c3 a6 6. Bb3 Ba7 7. O-O d6 8. Nbd2
O-O 9. h3 Ne7 10. Re1 Ng6 11. Nf1 Be6 12. Bc2 Qd7 13. d4 c6 14. Ng3 h6 15. Be3
Bb8 16. Qd2 Re8 17. Nf5 Nxe4 18. Nxh6+ gxh6 19. Bxe4 f5 20. Bc2 e4 21. Nh2 d5
22. Bxh6 f4 23. f3 Qh7 24. Bg5 Qh5 25. h4 e3 26. Qd3 Nxh4 27. Bxh4 Qxh4 28.
Qg6+ Kf8 29. Ng4 Bxg4 30. Qxg4 Qf2+ 31. Kh1 Qxc2 0-1

[Event "KONIK MORSKI REWALA 2013<br>Miedzynarodo"]
[Site "<font size="]
[Date "2013.08.29"]
[Round "9.17"]
[White "Brzezinski, Mateusz"]
[Black "Popiol, Michal"]
[Result "1-0"]
[WhiteElo "2137"]
[BlackElo "1871"]
[PlyCount "83"]
[EventDate "2013.??.??"]

1. c4 g6 2. Nc3 Bg7 3. g3 Nf6 4. Bg2 O-O 5. e4 d6 6. Nge2 c5 7. d3 Nc6 8. O-O
Ne8 9. Be3 Nc7 10. d4 cxd4 11. Nxd4 Ne6 12. Nde2 Nc5 13. b3 Be6 14. Qd2 Re8 15.
h3 Qa5 16. Rac1 Rac8 17. Rfd1 a6 18. Nf4 Nb4 19. Ncd5 Bxd5 20. Nxd5 Ncd3 21.
Bf1 e6 22. Bb6 Qa3 23. Nxb4 Qxb4 24. Qxb4 Nxb4 25. a3 Na2 26. Rc2 Nc3 27. Rxd6
Nxe4 28. Rd7 Nc5 29. Bxc5 Rxc5 30. b4 Re5 31. Rxb7 Rd8 32. Be2 a5 33. c5 axb4
34. axb4 Rc8 35. c6 Bf8 36. b5 Bc5 37. c7 Kg7 38. b6 Bd6 39. Rc6 Rxe2 40. Rxd6
Re1+ 41. Kg2 Ra8 42. Ra7 1-0

[Event "KONIK MORSKI REWALA 2013<br>Miedzynarodo"]
[Site "<font size="]
[Date "2013.08.29"]
[Round "9.18"]
[White "Janus, Przemyslaw"]
[Black "Wozniak, Mariola"]
[Result "1/2-1/2"]
[WhiteElo "2121"]
[BlackElo "2028"]
[PlyCount "42"]
[EventDate "2013.??.??"]

1. d4 d5 2. c4 dxc4 3. Nf3 a6 4. e3 Nf6 5. Bxc4 b5 6. Bd3 Bb7 7. O-O e6 8. b3
Nbd7 9. Bb2 Be7 10. Nbd2 O-O 11. Qe2 Nd5 12. a4 c6 13. Rac1 Nb4 14. Bb1 Qb6 15.
Ne1 c5 16. Nd3 Nxd3 17. Bxd3 Bc6 18. dxc5 Bxc5 19. a5 Qb7 20. Qh5 f5 21. Nf3
Bxf3 1/2-1/2

[Event "KONIK MORSKI REWALA 2013<br>Miedzynarodo"]
[Site "<font size="]
[Date "2013.08.29"]
[Round "9.24"]
[White "Gabryjalowicz, Jakub"]
[Black "Spicak, Krzysztof"]
[Result "1-0"]
[WhiteElo "1781"]
[BlackElo "1962"]
[PlyCount "77"]
[EventDate "2013.??.??"]

1. e4 c5 2. Nf3 e6 3. d4 cxd4 4. Nxd4 Nf6 5. Nc3 a6 6. e5 Ng8 7. Be2 d5 8. exd6
Bxd6 9. O-O Nf6 10. Be3 O-O 11. Bf3 Qc7 12. h3 e5 13. Ndb5 axb5 14. Nxb5 Qd7
15. Nxd6 Rd8 16. Nxc8 Qxc8 17. Bxb7 Rxd1 18. Bxc8 Rxf1+ 19. Kxf1 Nbd7 20. Bxd7
Nxd7 21. c4 f5 22. f3 f4 23. Bf2 Kf7 24. b4 Ra4 25. a3 Ke6 26. Ke2 g5 27. Kd3
Nf6 28. Kc2 Ra8 29. b5 e4 30. Bd4 e3 31. Bxf6 Kxf6 32. c5 Ke5 33. c6 Kd6 34. a4
Kc5 35. Rc1 Rxa4 36. Kd3+ Kxb5 37. c7 Ra3+ 38. Ke2 Ra2+ 39. Ke1 1-0

[Event "KONIK MORSKI REWALA 2013<br>Miedzynarodo"]
[Site "<font size="]
[Date "2013.08.29"]
[Round "9.25"]
[White "Smal, Tobiasz"]
[Black "Knap, Jerzy"]
[Result "1-0"]
[WhiteElo "1928"]
[BlackElo "1732"]
[PlyCount "87"]
[EventDate "2013.??.??"]

1. e4 c5 2. Nf3 d6 3. d4 cxd4 4. Qxd4 Nc6 5. Bb5 Bd7 6. Bxc6 Bxc6 7. Nc3 e6 8.
Bg5 Nf6 9. O-O-O Be7 10. Rhe1 Qa5 11. Qd2 Rd8 12. Nd4 O-O 13. Kb1 Rfe8 14. f4
h6 15. Nxc6 bxc6 16. Bxf6 Bxf6 17. Nd5 Qxd2 18. Nxf6+ gxf6 19. Rxd2 d5 20. Kc1
e5 21. exd5 cxd5 22. Red1 d4 23. c3 Rc8 24. Kc2 dxc3 25. bxc3 Rc7 26. Rd8 Kf8
27. Rxe8+ Kxe8 28. Rd5 Re7 29. Kd3 Re6 30. Ra5 a6 31. Ke4 exf4+ 32. Kxf4 Rc6
33. Ra3 Ke7 34. Ke4 Rd6 35. c4 Ke6 36. g4 h5 37. h3 hxg4 38. hxg4 Rc6 39. Kd4
Kd6 40. c5+ Ke6 41. Rb3 Kd7 42. Kd5 Kc7 43. Re3 Kd7 44. Re7+ 1-0